000 00526nam a22002057a 4500
001 nam a22 7a 4500
003 OSt
005 20210908091147.0
007 nam a22 7a 4500
008 210908b |||||||| |||| 00| 0 eng d
010 _a nam a22 7a 4500
020 _a0750300254
040 _cHU
082 _a515/MCK/1999
100 _aMcKeown, J.J.
_92108
245 _aAn Introduction to Unconstrained Optimisation
260 _aNew York
_bAdam Hilger,
_c1999
300 _a122p
942 _2ddc
_cBOOKS
_n0
999 _c2491
_d2491